000 006400000a22001810004500
003 MACL
005 20160330163516.0
008 160330b xxu||||| |||| 00| 0 eng d
040 _aMACL
_cMACL
041 _aHindi
082 _a320
100 _aआचार्य भालचन्‍द्र गोस्‍वामी
_948960
245 _aसंसदीय प्रणाली कुछ अनुत्‍तरित प्रशन
260 _aचण्‍डी्गढ
_bअभिषेक पब्लिकेशन्‍स
_c2012
350 _a395
650 _aसंविधान
_9205
942 _cHIN
_k320
_2ddc
999 _c47456
_d47456